MDQL
is popping MORE tags! Check the
thread
!
Quizzes
Events
Quiz Creation
Community
Videos
Private Events
Remove Ads
Sign In
Join for FREE
Feedback
Dark Mode
Quiz Categories
Sports
Geography
Music
Movies
Television
Just For Fun
Miscellaneous
History
Literature
Language
Science
Gaming
Entertainment
Religion
Holiday
For Kids
Quiz Lab
Recent
Popular Today
Quiz Kudos Today
Editor Picks
Curator Picks
Quizzes by...
Day
Popularity
Type
Ratings
Length
Year
Community
Subscriptions
Recent Discussions
Orange Saloon
Badges
Playlists
Quests
Create
Leaderboards
Showdown
Live 5
Trivia Bingo
Activity
Puzzle Library
Sporcle Events
Private Events
Virtual Trivia
Globe League
Become a Host
Pub Owners
SporcleCon
Opinionation
Our Games
Videos
Blog
Mobile Apps
Partnerships
Remove Ads and Go Orange
Feedback
History
US Presidents
World Leaders
Politics
Nation
Discovery
War
Decade
Year
Century
Biography
Art
History
US Presidents
World Leaders
Politics
Nation
Discovery
War
Decade
Year
Century
Biography
Art
Random Quiz
Search Sporcle
×
Quiz Lab
Quiz Lab
History
Entity
Type in answers that appear in a list
Type in answers that appear in a list
Classic
Best Score? Go Orange.
Historical Secret Police Organisations Stats
Can you name the Historical Secret Police Organisations?
By
banutzu
6m
8 Questions
271 Plays
271 Plays
271 Plays
Comments
Comments
Give Quiz Kudos
Give Quiz Kudos
-
- Ratings
hide this ad
Forced Order
Answers have to be entered in order
Answers have to be entered in order
Replay
Link that replays current quiz
Next Quiz
Link to next quiz in quiz playlist
You Got
0%
They Got
Avg Score
32%
Avg Friend Score
Upgrade to see
Score Distribution
Jump to the score distribution portion of the page
Score
0/8
Timer
06:00
0
Plays Today
Entity
Organisation
% Correct
Soviet Union
Komitet Gosudarstvennoi Bezopasnosti
92.2%
Nazi Germany
Geheime Staatspolizei
68.5%
East Germany
Ministerium für Staatssicherheit
48.5%
Soviet Union
Cheka
23%
Romania
Departamentul Securităţii statului
14.4%
Iraq
Mukhabarat
5.6%
Italy
Organizzazione di Vigilanza Repressione dell'Antifascismo
4.1%
Roman Empire
Frumentarii
2.2%
Quiz Playlist
Details
Report
Send in Message
Add To Playlist
Classic:
Type in answers that appear in a list
Forced Order:
Answers have to be entered in order
Last Updated: Feb 16, 2017
Quiz Scoreboard
CHALLENGE
Sign Up to Join the Scoreboard
Show All
Scores
Hide
Comments
May contain spoilers
Recently Published
Image Sorting: Flags VI
by Barbecue
Geography
2m
Find the 'City' Movie
by crazypaving
Movies
60s
Colored Red Africa Blitz
by spor1
Geography
45s
More to Explore
Quiz From the Vault
Featured Blog Post
14 Easter Pick-up Lines to Find Eggs With
hide this ad
You Might Also Like...
Tags
Entity
Existence
organisation
police
Police Organisations
secret
Today's Top Quizzes in History
Browse History
hide this ad
Today's Top Quizzes in Entity
Browse Entity
Top Contributed Quizzes in History
1
I Am Born On March 29th
2
Order Up: 1000 Years of World Events I
3
Popular People in 1951
4
US National Parks Named After People
5
Popular People in 1991
6
Popular People in 1941
7
Popular People in 1981
8
Popular People in 1921
9
Popular People in 1986
10
Popular People in 1976
Explore More
Trending Topics
Harry Potter
Crossword
Anime
Marvel
NBA
Kpop
Disney
Pokémon
Song
NFL
WWE
Country
Puzzle
The Office
Soccer
hide this ad
More By:
banutzu
Quiz
Plays
Rating
Category
Featured
Created
British Town/City by Train Station Name
4,221
4.14
Geography
Nov 13, 2009
UK Train Stations with Junction in Name
1,963
4.75
Geography
Jun 8, 2010
Languages spoken by Boris Johnson
1,538
4.17
History
Jul 14, 2016
Ethnically diverse districts of UK
1,448
3.57
Miscellaneous
Dec 16, 2009
Is it in Greater London?
1,360
4.20
Geography
Oct 31, 2016
Go to Creator's Profile
Score Distribution
Quiz Creator Spotlight
banutzu
Follow
Send a Message
Quizzes Created
-
Created Quiz Play Count
-
More By This Creator
Popular Quizzes Today
1
Colored Red Africa Blitz
2
Find the US States - No Outlines Minefield
3
Find the 'City' Movie
4
5x2 Blitz: Bands
5
The Countries of the World
6
Find the US States
7
Find the Countries of Europe - No Outlines Minefield
8
US States
More History Quizzes
On This Day: May 30th II
Published
Trending Quizzes
Colored Red Europe Blitz I
Colored Red Europe Blitz II
Colored Red Africa Blitz II
Colored Red Europe Blitz III
Colored Red Africa Blitz III
Recently Updated
How Do You Spell That?
pecheneg
Godzilla Movies
pecheneg
Grab Bag: 4-10 Letters
pecheneg
2024 March Madness Bracket
pecheneg
Famous TV Couples
Peacemaker
Champions League XIs: Real Madrid
pecheneg
Largest US Cities 1790-2010
pecheneg
Rides in Walt Disney World
pecheneg
Most Oscar Losses (Acting)
pecheneg
Beyoncé Albums
pecheneg
Trending Topics
Harry Potter
Disney
Marvel
NBA
Kpop
Anime
Crossword
Pokémon
Country
Puzzle
Soccer
Song
WWE
NFL
The Office
Your Account Isn't Verified!
In order to create a playlist on Sporcle, you need to verify the email address you used during registration. Go to your
Sporcle Settings
to finish the process.
Report this User
Report this user for behavior that violates our
Community Guidelines
.
Details:
Send Report
Go to the Sporcle.com Mobile Site →
Comments